| 000 | 00458cam a2200181ua 4500 | ||
|---|---|---|---|
| 020 | _c3.50 | ||
| 041 |
_amal _h |
||
| 082 |
_a894.812 308 _bBHA/VI |
||
| 100 | _aBhavani, Battacharya . | ||
| 245 |
_aVisappu Visappu / _cBhattacharya Bhavani. _hTextual Documents |
||
| 250 |
_a1 / _b. |
||
| 260 |
_a : _bSahitya Pravarthaka Co-operative Society , _c1961. |
||
| 300 | _a343 ; . | ||
| 365 | _a3.50 | ||
| 504 | _a | ||
| 942 | _cBK | ||
| 999 |
_c3924 _d3924 |
||